[Event "AZE-ch Men 2019"]
[Site "Baku"]
[Date "2019.01.20"]
[Round "5"]
[White "Guliyev, Gasan"]
[Black "Novruzov, Emin"]
[Result "1/2-1/2"]
[WhiteElo "1997"]
[BlackElo "1910"]
[Annotator "NA"]
[PlyCount "180"]
[EventDate "2019.01.16"]
[EventType "swiss"]
[EventCountry "AZE"]
[SourceTitle "playchess.com"]
[Source "ChessBase"]
[SourceQuality "1"]
[TimeControl "40/5400+30:1800+30"]

1. d4 {[%emt 0:08:31]} d5 {[%emt 0:01:03]} 2. Nf3 {[%emt 0:00:39]} Nf6 {[%emt 0:01:36]} 3. e3 {[%emt 0:00:41]} Bg4 {[%emt 0:03:22]} 4. Be2 {[%emt 0:00:53]} e6 {[%emt 0:00:36]} 5. O-O {[%emt 0:00:26]} Be7 {[%emt 0:01:49]} 6. b3 {[%emt 0:00:24]} O-O {[%emt 0:00:41]} 7. Bb2 {[%emt 0:00:13]} Ne4 {[%emt 0:02:40]} 8. Nfd2 {[%emt 0:01:40]} Bxe2 {[%emt 0:01:02]} 9. Qxe2 {[%emt 0:00:14]} Nxd2 {[%emt 0:08:59]} 10. Nxd2 {[%emt 0:00:28]} f5 {[%emt 0:01:08]} 11. Qb5 {[%emt 0:11:53]} Qc8 {[%emt 0:03:46]} 12. f3 {[%emt 0:04:33]} Nd7 {[%emt 0:03:03]} 13. e4 {[%emt 0:06:05]} Nf6 {[%emt 0:19:57]} 14. Rae1 {[%emt 0:18:52]} Re8 {[%emt 0:02:50]} 15. Re2 {[%emt 0:07:51]} Qd7 {[%emt 0:09:18]} 16. Qxb7 {[%emt 0:08:30]} a6 {[%emt 0:02:55]} 17. exd5 {[%emt 0:16:00]} exd5 {[%emt 0:07:56]} 18. Rfe1 {[%emt 0:00:12]} Reb8 {[%emt 0:02:15]} 19. Rxe7 {[%emt 0:00:14]} Rxb7 {[%emt 0:00:54]} 20. Rxd7 {[%emt 0:00:04]} Nxd7 {[%emt 0:00:08]} 21. Nf1 {[%emt 0:00:24]} Nf6 {[%emt 0:09:00]} 22. Ng3 {[%emt 0:01:28]} g6 {[%emt 0:01:18]} 23. Ne2 {[%emt 0:00:56]} Re8 {[%emt 0:00:26]} 24. Kf2 {[%emt 0:00:16]} c6 {[%emt 0:00:46]} 25. Rd1 {[%emt 0:00:13]} Rbe7 {[%emt 0:00:48]} 26. Rd2 {[%emt 0:04:53]} Kf7 {[%emt 0:00:52]} 27. Nc1 {[%emt 0:00:48]} Nd7 {[%emt 0:05:08]} 28. Nd3 {[%emt 0:00:47]} Re6 {[%emt 0:02:02]} 29. Kf1 {[%emt 0:02:30]} g5 {[%emt 0:00:25]} 30. a4 {[%emt 0:00:53]} Kg6 {[%emt 0:02:26]} 31. h3 {[%emt 0:01:35]} f4 {[%emt 0:00:50]} 32. Kf2 {[%emt 0:01:02]} Kf5 {[%emt 0:00:41]} 33. a5 {[%emt 0:00:43]} h5 {[%emt 0:01:33]} 34. Kf1 {[%emt 0:00:57]} Nf6 {[%emt 0:02:34]} 35. Ne5 {[%emt 0:00:47]} g4 {[%emt 0:00:26]} 36. hxg4+ {[%emt 0:00:27]} hxg4 {[%emt 0:00:08]} 37. Ke2 {[%emt 0:00:29]} g3 {[%emt 0:01:10]} 38. Rd1 {[%emt 0:00:14]} Rh8 {[%emt 0:00:45]} 39. Rg1 {[%emt 0:00:08]} Nd7 {[%emt 0:00:29]} 40. Kd3 {[%emt 0:00:00]} Nxe5+ {[%emt 0:00:00]} 41. dxe5 {[%emt 0:00:16]} Rh2 {[%emt 0:04:48]} 42. c4 {[%emt 0:03:36]} Reh6 {[%emt 0:00:32]} 43. cxd5 {[%emt 0:00:46]} cxd5 {[%emt 0:00:12]} 44. b4 {[%emt 0:00:06]} Rh1 {[%emt 0:00:24]} 45. Rxh1 {[%emt 0:00:04]} Rxh1 {[%emt 0:00:05]} 46. b5 {[%emt 0:00:17]} axb5 {[%emt 0:15:35]} 47. Kd4 {[%emt 0:08:14]} Rd1+ {[%emt 0:07:10]} 48. Kc3 {[%emt 0:12:53]} d4+ {[%emt 0:02:23]} 49. Kc2 {[%emt 0:04:21]} Rg1 {[%emt 0:00:50]} 50. a6 {[%emt 0:01:23]} Rxg2+ {[%emt 0:00:37]} 51. Kb3 {[%emt 0:00:05]} Rxb2+ {[%emt 0:04:20]} 52. Kxb2 {[%emt 0:00:13]} g2 {[%emt 0:00:02]} 53. a7 {[%emt 0:00:07]} g1=Q {[%emt 0:00:06]} 54. a8=Q {[%emt 0:00:04]} Qf2+ {[%emt 0:00:08]} 55. Kb3 {[%emt 0:00:29]} Qe3+ {[%emt 0:00:42]} 56. Kb4 {[%emt 0:01:09]} Qxe5 {[%emt 0:00:34]} 57. Qf8+ {[%emt 0:01:27]} Kg6 {[%emt 0:00:27]} 58. Qg8+ {[%emt 0:00:53]} Kh6 {[%emt 0:00:25]} 59. Qf8+ {[%emt 0:00:22]} Kh5 {[%emt 0:00:16]} 60. Qg8 {[%emt 0:01:36]} Kh6 {[%emt 0:01:37]} 61. Qf8+ {[%emt 0:00:22]} Kh5 {[%emt 0:00:06]} 62. Qg8 {[%emt 0:00:05]} Qd6+ {[%emt 0:00:56]} 63. Kxb5 {[%emt 0:00:27]} d3 {[%emt 0:00:06]} 64. Qh7+ {[%emt 0:01:25]} Kg5 {[%emt 0:00:16]} 65. Qg7+ {[%emt 0:01:04]} Kf5 {[%emt 0:00:50]} 66. Qf7+ {[%emt 0:00:19]} Ke5 {[%emt 0:00:32]} 67. Qg7+ {[%emt 0:00:50]} Kd5 {[%emt 0:00:29]} 68. Qg5+ {[%emt 0:01:34]} Kd4 {[%emt 0:00:36]} 69. Qg1+ {[%emt 0:00:04]} Kd5 {[%emt 0:00:42]} 70. Qg8+ {[%emt 0:00:24]} Ke5 {[%emt 0:00:30]} 71. Qg5+ {[%emt 0:01:08]} Ke6 {[%emt 0:00:11]} 72. Qg6+ {[%emt 0:00:28]} Kd7 {[%emt 0:00:44]} 73. Qh7+ {[%emt 0:00:49]} Kc8 {[%emt 0:00:37]} 74. Qh8+ {[%emt 0:01:07]} Kc7 {[%emt 0:00:23]} 75. Qc3+ {[%emt 0:00:14]} Kb7 {[%emt 0:00:31]} 76. Qg7+ {[%emt 0:00:41]} Qc7 {[%emt 0:00:38]} 77. Qd4 {[%emt 0:00:23]} Qc6+ {[%emt 0:00:28]} 78. Kb4 {[%emt 0:00:21]} Qxf3 {[%emt 0:00:37]} 79. Kc3 {[%emt 0:00:18]} Kc6 {[%emt 0:00:36]} 80. Qxd3 {[%emt 0:00:20]} Qg3 {[%emt 0:00:21]} 81. Kd4 {[%emt 0:00:47]} Qg7+ {[%emt 0:00:37]} 82. Ke4 {[%emt 0:00:31]} Qg6+ {[%emt 0:00:12]} 83. Kd4 {[%emt 0:00:05]} Qg7+ {[%emt 0:00:47]} 84. Ke4 {[%emt 0:00:19]} Qh7+ {[%emt 0:00:00]} 85. Kd4 {[%emt 0:00:10]} Qh4 {[%emt 0:00:56]} 86. Qg6+ {[%emt 0:00:33]} Kd7 {[%emt 0:00:16]} 87. Qf5+ {[%emt 0:00:14]} Ke7 {[%emt 0:00:13]} 88. Ke4 {[%emt 0:00:06]} f3+ {[%emt 0:00:59]} 89. Kxf3 {[%emt 0:00:07]} Qf6 {[%emt 0:00:03]} 90. Qxf6+ {[%emt 0:00:02]} Kxf6 {[%emt 0:00:16]} 1/2-1/2

[Event "AZE-ch Men 2019"]
[Site "Baku"]
[Date "2019.01.20"]
[Round "5"]
[White "Allahverdiyeva, Ayan"]
[Black "Guliev, Logman"]
[Result "1/2-1/2"]
[WhiteElo "1975"]
[BlackElo "2322"]
[Annotator "ChessBase"]
[PlyCount "92"]
[EventDate "2019.01.16"]
[EventType "swiss"]
[EventCountry "AZE"]
[SourceTitle "playchess.com"]
[Source "ChessBase"]
[SourceQuality "1"]
[TimeControl "40/5400+30:1800+30"]

1. e4 {[%emt 0:00:40]} c5 {[%emt 0:00:00]} 2. Nf3 {[%emt 0:00:03]} d6 {[%emt 0:00:00]} 3. d4 {[%emt 0:00:03]} cxd4 {[%emt 0:00:00]} 4. Nxd4 {[%emt 0:00:12]} Nf6 {[%emt 0:00:00]} 5. Nc3 {[%emt 0:00:09]} Nc6 {[%emt 0:00:12]} 6. Bc4 {[%emt 0:00:33]} e6 {[%emt 0:00:45]} 7. Be3 {[%emt 0:00:47]} a6 {[%emt 0:00:10]} 8. Bb3 {[%emt 0:00:14]} Be7 {[%emt 0:00:17]} 9. Qe2 {[%emt 0:00:37]} Na5 {[%emt 0:01:17]} 10. g4 {[%emt 0:03:58]} Nxb3 {[%emt 0:00:15]} 11. axb3 {[%emt 0:00:09]} d5 {[%emt 0:07:30]} 12. e5 {[%emt 0:18:43]} Ne4 {[%emt 0:00:24]} 13. f3 {[%emt 0:01:31]} Bh4+ {[%emt 0:00:43]} 14. Kd1 {[%emt 0:00:06]} Nxc3+ {[%emt 0:00:38]} 15. bxc3 {[%emt 0:00:07]} O-O {[%emt 0:02:56]} 16. f4 {[%emt 0:05:42]} f6 {[%emt 0:00:14]} 17. Kd2 {[%emt 0:08:42]} fxe5 {[%emt 0:00:26]} 18. fxe5 {[%emt 0:00:04]} Bd7 {[%emt 0:02:04]} 19. Rhf1 {[%emt 0:01:45]} Qc7 {[%emt 0:02:24]} 20. Rxf8+ {[%emt 0:27:47]} Rxf8 {[%emt 0:01:16]} 21. Rf1 {[%emt 0:00:31]} Rxf1 {[%emt 0:21:45]} 22. Qxf1 {[%emt 0:00:08]} Be7 {[%emt 0:00:07]} 23. Qf4 {[%emt 0:05:33]} a5 {[%emt 0:07:24]} 24. Nf3 {[%emt 0:00:42]} Be8 {[%emt 0:06:01]} 25. Qd4 {[%emt 0:05:39]} Bd8 {[%emt 0:07:37]} 26. Ng5 {[%emt 0:04:35]} Qd7 {[%emt 0:01:27]} 27. Kc1 {[%emt 0:05:25]} b5 {[%emt 0:00:15]} 28. Kb2 {[%emt 0:00:31]} Bg6 {[%emt 0:03:16]} 29. Nh3 {[%emt 0:04:25]} Bc7 {[%emt 0:05:09]} 30. Nf4 {[%emt 0:03:14]} Be4 {[%emt 0:00:12]} 31. Qa7 {[%emt 0:00:21]} b4 {[%emt 0:06:57]} 32. Bb6 {[%emt 0:01:39]} bxc3+ {[%emt 0:00:02]} 33. Ka2 {[%emt 0:00:47]} Bxc2 {[%emt 0:13:11]} 34. Qxc7 {[%emt 0:00:41]} Bxb3+ {[%emt 0:00:04]} 35. Kxb3 {[%emt 0:00:10]} Qb5+ {[%emt 0:00:01]} 36. Kxc3 {[%emt 0:00:31]} Qb4+ {[%emt 0:00:01]} 37. Kd3 {[%emt 0:00:56]} Qe4+ {[%emt 0:00:02]} 38. Kc3 {[%emt 0:00:26]} Qb4+ {[%emt 0:00:02]} 39. Kd3 Qe4+ 40. Kc3 Qb4+ 41. Kd3 Qe4+ 42. Kc3 Qb4+ {Kb3 Qb5+ Kc3 Qb4+} 43. Kd3 Qe4+ 44. Kc3 Qb4+ 45. Kc2 Qa4+ 46. Kc3 Qb4+ 1/2-1/2

[Event "AZE-ch Men 2019"]
[Site "Baku"]
[Date "2019.01.21"]
[Round "6"]
[White "Bajarani, Ulvi"]
[Black "Zeynalov, Farid"]
[Result "1/2-1/2"]
[WhiteElo "2421"]
[BlackElo "2344"]
[Annotator "RC"]
[PlyCount "80"]
[EventDate "2019.01.16"]
[EventType "swiss"]
[EventCountry "AZE"]
[SourceTitle "playchess.com"]
[Source "ChessBase"]
[SourceQuality "1"]
[TimeControl "40/5400+30:1800+30"]

1. d4 Nf6 2. c4 g6 3. Nc3 d5 4. Bg5 Ne4 5. Bh4 Nxc3 6. bxc3 dxc4 7. e3 Be6 8. Be2 {[%emt 0:00:20]} Bg7 {[%emt 0:03:10]} 9. Nh3 {[%emt 0:00:08]} O-O {[%emt 0:02:13]} 10. Nf4 {[%emt 0:00:54]} Bc8 {[%emt 0:00:03]} 11. Bxc4 {[%emt 0:00:39]} c5 {[%emt 0:00:21]} 12. O-O {[%emt 0:00:39]} Nc6 {[%emt 0:01:44]} 13. Rc1 {[%emt 0:07:21]} Qd6 {[%emt 0:07:59]} 14. Bg3 {[%emt 0:01:33]} e5 {[%emt 0:02:23]} 15. Nd3 {[%emt 0:03:42]} cxd4 {[%emt 0:03:27]} 16. cxd4 {[%emt 0:00:06]} Qe7 {[%emt 0:01:21]} 17. Nxe5 {[%emt 0:03:18]} Nxe5 {[%emt 0:00:16]} 18. dxe5 {[%emt 0:00:08]} Bxe5 {[%emt 0:00:24]} 19. Bxe5 {[%emt 0:00:37]} Qxe5 {[%emt 0:00:03]} 20. Qb3 {[%emt 0:00:08]} Rb8 {[%emt 0:05:47]} 21. Rfd1 {[%emt 0:01:30]} Bf5 {[%emt 0:01:56]} 22. Bd5 {[%emt 0:01:12]} Qe7 {[%emt 0:04:18]} 23. f3 {[%emt 0:02:19]} Rbc8 {[%emt 0:09:51]} 24. e4 {[%emt 0:01:38]} Rxc1 {[%emt 0:00:42]} 25. Rxc1 {[%emt 0:00:08]} Rc8 {[%emt 0:03:57]} 26. Rd1 {[%emt 0:01:25]} Be6 {[%emt 0:03:41]} 27. Bxe6 {[%emt 0:00:09]} fxe6 {[%emt 0:01:01]} 28. h3 {[%emt 0:01:02]} Rc7 {[%emt 0:00:58]} 29. Kh1 {[%emt 0:04:04]} Rd7 {[%emt 0:02:03]} 30. Rc1 {[%emt 0:00:22]} Kg7 {[%emt 0:09:02]} 31. Qc3+ {[%emt 0:07:18]} Qf6 {[%emt 0:02:19]} 32. Qc8 {[%emt 0:02:48]} Rf7 {[%emt 0:00:29]} 33. Rd1 {[%emt 0:03:41]} Qe5 {[%emt 0:03:45]} 34. Qc1 {[%emt 0:01:30]} b5 {[%emt 0:06:38]} 35. Rd8 {[%emt 0:01:58]} b4 {[%emt 0:04:34]} 36. Qd1 {[%emt 0:02:16]} a5 {[%emt 0:03:07]} 37. Rd3 {[%emt 0:04:28]} g5 {[%emt 0:07:22]} 38. Rd7 {[%emt 0:03:11]} Rxd7 {[%emt 0:02:47]} 39. Qxd7+ {[%emt 0:00:08]} Kh6 {[%emt 0:00:41]} 40. Qf7 {[%emt 0:00:00]} Qa1+ {[%emt 0:00:00]} 1/2-1/2

[Event "AZE-ch Men 2019"]
[Site "Baku"]
[Date "2019.01.21"]
[Round "6"]
[White "Abdulov, Orkhan"]
[Black "Muradli, Mahammad"]
[Result "0-1"]
[WhiteElo "2395"]
[BlackElo "2432"]
[Annotator "ChessBase"]
[PlyCount "78"]
[EventDate "2019.01.16"]
[EventType "swiss"]
[EventCountry "AZE"]
[SourceTitle "playchess.com"]
[Source "ChessBase"]
[SourceQuality "1"]
[TimeControl "40/5400+30:1800+30"]

1. e4 {[%emt 0:07:30]} d6 {[%emt 0:01:32]} 2. d4 {[%emt 0:00:11]} g6 {[%emt 0:00:05]} 3. Nc3 {[%emt 0:03:24]} Bg7 {[%emt 0:00:04]} 4. Be3 {[%emt 0:02:01]} a6 {[%emt 0:00:40]} 5. Qd2 {[%emt 0:02:16]} b5 {[%emt 0:00:23]} 6. Bd3 {[%emt 0:09:45]} Nd7 {[%emt 0:06:17]} 7. f4 {[%emt 0:08:24]} Bb7 {[%emt 0:08:18]} 8. Nf3 {[%emt 0:01:34]} c5 {[%emt 0:06:46]} 9. dxc5 {[%emt 0:02:45]} Nxc5 {[%emt 0:01:15]} 10. a3 {[%emt 0:15:09]} Rc8 {[%emt 0:05:49]} 11. O-O {[%emt 0:04:40]} Nf6 {[%emt 0:06:27]} 12. e5 {[%emt 0:07:53]} dxe5 {[%emt 0:03:25]} 13. Bxc5 {[%emt 0:04:27]} Rxc5 {[%emt 0:01:15]} 14. fxe5 {[%emt 0:00:03]} Ng4 {[%emt 0:02:32]} 15. Rad1 {[%emt 0:10:26]} Qb6 {[%emt 0:04:29]} 16. Kh1 {[%emt 0:01:59]} O-O {[%emt 0:02:03]} 17. Ne4 {[%emt 0:04:02]} Rd5 {[%emt 0:06:57]} 18. Qg5 {[%emt 0:06:16]} Ne3 {[%emt 0:04:42]} 19. Qxe7 {[%emt 0:01:57]} Nxd1 {[%emt 0:00:50]} 20. Rxd1 {[%emt 0:00:32]} Rdd8 {[%emt 0:01:54]} 21. Re1 {[%emt 0:03:00]} Rfe8 {[%emt 0:02:19]} 22. Qh4 {[%emt 0:00:37]} Bxe4 {[%emt 0:01:33]} 23. Rxe4 {[%emt 0:00:28]} f5 {[%emt 0:05:27]} 24. Re1 {[%emt 0:00:45]} Rd7 {[%emt 0:02:34]} 25. a4 {[%emt 0:00:59]} Qc5 {[%emt 0:05:23]} 26. axb5 {[%emt 0:00:21]} axb5 {[%emt 0:00:02]} 27. b4 {[%emt 0:01:03]} Qd5 {[%emt 0:00:05]} 28. Ra1 {[%emt 0:00:45]} Bxe5 {[%emt 0:01:31]} 29. Ra5 {[%emt 0:00:07]} Kg7 {[%emt 0:12:45]} 30. Rxb5 {[%emt 0:00:31]} Qd6 {[%emt 0:00:08]} 31. Qe1 {[%emt 0:00:56]} Rde7 {[%emt 0:00:33]} 32. Qd2 {[%emt 0:00:32]} Bxh2 {[%emt 0:01:48]} 33. g4 {[%emt 0:00:29]} fxg4 {[%emt 0:02:06]} 34. Nxh2 {[%emt 0:00:19]} Re1+ {[%emt 0:00:05]} 35. Kg2 {[%emt 0:00:12]} Qc6+ {[%emt 0:00:17]} 36. Kf2 {[%emt 0:00:56]} g3+ {[%emt 0:02:16]} 37. Kxg3 {[%emt 0:00:01]} Rg1+ {[%emt 0:00:02]} 38. Kh3 {[%emt 0:00:42]} Re3+ {[%emt 0:00:12]} 39. Qxe3 {[%emt 0:00:31]} Qg2+ {[%emt 0:00:01]} 0-1

[Event "AZE-ch Men 2019"]
[Site "Baku"]
[Date "2019.01.21"]
[Round "6"]
[White "Shahaliyev, Ismayil"]
[Black "Ahadzade, Kanan"]
[Result "1-0"]
[WhiteElo "2389"]
[BlackElo "2019"]
[Annotator "ChessBase"]
[PlyCount "81"]
[EventDate "2019.01.16"]
[EventType "swiss"]
[EventCountry "AZE"]
[SourceTitle "playchess.com"]
[Source "ChessBase"]
[SourceQuality "1"]
[TimeControl "40/5400+30:1800+30"]

1. e4 e5 2. Nf3 Nc6 3. Bb5 d6 4. O-O {[%emt 0:00:55]} g6 {[%emt 0:01:57]} 5. d4 {[%emt 0:00:56]} Bd7 {[%emt 0:03:06]} 6. dxe5 {[%emt 0:06:48]} dxe5 {[%emt 0:08:28]} 7. Nc3 {[%emt 0:04:32]} Bg7 {[%emt 0:02:58]} 8. Nd5 {[%emt 0:05:03]} h6 {[%emt 0:01:38]} 9. b3 {[%emt 0:01:46]} Nd4 {[%emt 0:02:36]} 10. Bxd7+ {[%emt 0:02:12]} Qxd7 {[%emt 0:01:29]} 11. Nxd4 {[%emt 0:04:32]} exd4 {[%emt 0:00:52]} 12. Bb2 {[%emt 0:00:02]} c5 {[%emt 0:00:53]} 13. b4 {[%emt 0:04:36]} b6 {[%emt 0:14:32]} 14. Qf3 {[%emt 0:03:29]} Ne7 {[%emt 0:06:55]} 15. Nf6+ {[%emt 0:01:46]} Bxf6 {[%emt 0:00:05]} 16. Qxf6 {[%emt 0:00:21]} O-O {[%emt 0:00:40]} 17. c3 {[%emt 0:01:07]} Qe6 {[%emt 0:09:04]} 18. Qxe6 {[%emt 0:03:00]} fxe6 {[%emt 0:00:10]} 19. bxc5 {[%emt 0:00:31]} dxc3 {[%emt 0:02:32]} 20. Bxc3 {[%emt 0:05:30]} bxc5 {[%emt 0:02:59]} 21. Rfc1 {[%emt 0:00:27]} Rfc8 {[%emt 0:05:26]} 22. Rab1 {[%emt 0:00:51]} Rab8 {[%emt 0:02:53]} 23. Rxb8 {[%emt 0:01:48]} Rxb8 {[%emt 0:00:23]} 24. Be5 {[%emt 0:00:08]} Rb6 {[%emt 0:08:46]} 25. Bf4 {[%emt 0:03:09]} Ra6 {[%emt 0:03:42]} 26. h4 {[%emt 0:06:03]} Ra4 {[%emt 0:04:37]} 27. Rxc5 {[%emt 0:11:32]} Rxe4 {[%emt 0:00:25]} 28. Bxh6 {[%emt 0:01:02]} Nd5 {[%emt 0:04:18]} 29. Bg5 {[%emt 0:04:18]} Ra4 {[%emt 0:02:25]} 30. Rc2 {[%emt 0:01:18]} Kf7 {[%emt 0:00:22]} 31. g3 {[%emt 0:01:23]} e5 {[%emt 0:01:52]} 32. Rc5 {[%emt 0:07:01]} Ke6 {[%emt 0:02:50]} 33. Rc6+ {[%emt 0:00:08]} Kf5 {[%emt 0:02:04]} 34. Rd6 {[%emt 0:00:54]} Ra5 {[%emt 0:02:07]} 35. Kg2 {[%emt 0:01:38]} e4 {[%emt 0:00:50]} 36. a3 {[%emt 0:03:25]} Ke5 {[%emt 0:02:12]} 37. Rxg6 {[%emt 0:00:29]} Rxa3 {[%emt 0:00:02]} 38. h5 {[%emt 0:01:18]} Kf5 {[%emt 0:01:30]} 39. g4+ {[%emt 0:02:22]} Ke5 {[%emt 0:00:49]} 40. h6 {[%emt 0:00:00]} e3 {[%emt 0:00:00]} 41. h7 {[%emt 0:00:29]} 1-0

[Event "AZE-ch Men 2019"]
[Site "Baku"]
[Date "2019.01.21"]
[Round "6"]
[White "Davidov, Samir"]
[Black "Bashirli, Nail"]
[Result "1/2-1/2"]
[WhiteElo "2344"]
[BlackElo "2324"]
[Annotator "ChessBase"]
[PlyCount "101"]
[EventDate "2019.01.16"]
[EventType "swiss"]
[EventCountry "AZE"]
[SourceTitle "playchess.com"]
[Source "ChessBase"]
[SourceQuality "1"]
[TimeControl "40/5400+30:1800+30"]

1. e4 {[%emt 0:09:13]} c5 {[%emt 0:03:18]} 2. Nf3 {[%emt 0:00:13]} d6 {[%emt 0:00:23]} 3. d3 {[%emt 0:00:16]} Nc6 {[%emt 0:00:35]} 4. g3 {[%emt 0:00:13]} g6 {[%emt 0:00:43]} 5. Bg2 {[%emt 0:00:18]} Bg7 {[%emt 0:00:07]} 6. O-O {[%emt 0:00:10]} Bg4 {[%emt 0:01:06]} 7. h3 {[%emt 0:00:25]} Bxf3 {[%emt 0:00:23]} 8. Bxf3 {[%emt 0:00:07]} h5 {[%emt 0:00:02]} 9. c3 {[%emt 0:00:09]} h4 {[%emt 0:00:43]} 10. g4 {[%emt 0:00:20]} e5 {[%emt 0:01:49]} 11. Bg2 {[%emt 0:00:07]} Bh6 {[%emt 0:01:27]} 12. f4 {[%emt 0:01:28]} exf4 {[%emt 0:03:30]} 13. Bxf4 {[%emt 0:00:06]} Bxf4 {[%emt 0:07:22]} 14. Rxf4 {[%emt 0:00:06]} g5 {[%emt 0:00:08]} 15. Rf2 {[%emt 0:00:32]} Nge7 {[%emt 0:01:52]} 16. Qb3 {[%emt 0:00:20]} O-O {[%emt 0:01:01]} 17. Nd2 {[%emt 0:00:06]} Ng6 {[%emt 0:01:37]} 18. e5 {[%emt 0:03:59]} Nf4 {[%emt 0:04:37]} 19. Rxf4 {[%emt 0:11:32]} gxf4 {[%emt 0:01:32]} 20. Qxb7 {[%emt 0:00:14]} Nxe5 {[%emt 0:00:21]} 21. Qxa8 {[%emt 0:01:32]} Qxa8 {[%emt 0:00:15]} 22. Bxa8 {[%emt 0:00:04]} Rxa8 {[%emt 0:00:44]} 23. Rd1 {[%emt 0:00:06]} Re8 {[%emt 0:11:33]} 24. Ne4 {[%emt 0:15:45]} Re6 {[%emt 0:00:17]} 25. Kf2 {[%emt 0:00:04]} f6 {[%emt 0:02:19]} 26. b3 {[%emt 0:08:26]} Kg7 {[%emt 0:01:44]} 27. c4 {[%emt 0:09:28]} Kg6 {[%emt 0:01:35]} 28. Ke2 {[%emt 0:03:44]} Nf7 {[%emt 0:05:12]} 29. Kf3 {[%emt 0:06:30]} Ng5+ {[%emt 0:00:39]} 30. Kxf4 {[%emt 0:00:02]} Nxh3+ {[%emt 0:00:06]} 31. Kf3 {[%emt 0:00:02]} Ng5+ {[%emt 0:01:38]} 32. Kf4 {[%emt 0:00:01]} Re7 {[%emt 0:20:19]} 33. a3 {[%emt 0:15:31]} Nxe4 {[%emt 0:08:50]} 34. dxe4 {[%emt 0:00:07]} Rh7 {[%emt 0:03:07]} 35. Rxd6 {[%emt 0:01:35]} h3 {[%emt 0:02:04]} 36. Rd1 {[%emt 0:00:05]} h2 {[%emt 0:00:15]} 37. Rh1 {[%emt 0:00:04]} a5 {[%emt 0:00:42]} 38. e5 {[%emt 0:00:12]} fxe5+ {[%emt 0:01:11]} 39. Kxe5 {[%emt 0:00:04]} Kg5 {[%emt 0:00:29]} 40. Kd5 {[%emt 0:00:00]} Kxg4 {[%emt 0:00:00]} 41. Kxc5 {[%emt 0:00:12]} Kg3 {[%emt 0:01:04]} 42. Kb6 {[%emt 0:10:59]} Kg2 {[%emt 0:02:00]} 43. Rxh2+ {[%emt 0:00:13]} Rxh2 {[%emt 0:01:08]} 44. Kxa5 {[%emt 0:02:33]} Kf3 {[%emt 0:00:30]} 45. a4 {[%emt 0:05:30]} Ke4 {[%emt 0:00:38]} 46. Kb5 {[%emt 0:06:49]} Rh5+ {[%emt 0:06:54]} 47. Kb6 {[%emt 0:01:24]} Rh6+ {[%emt 0:02:10]} 48. Kb5 {[%emt 0:00:12]} Kd4 {[%emt 0:02:42]} 49. a5 {[%emt 0:00:33]} Rh5+ {[%emt 0:00:33]} 50. Kb6 {[%emt 0:00:06]} Rh6+ {[%emt 0:00:05]} 51. Kb5 1/2-1/2

[Event "AZE-ch Men 2019"]
[Site "Baku"]
[Date "2019.01.21"]
[Round "6"]
[White "Guliev, Sarhan"]
[Black "Gadimbayli, Abdulla"]
[Result "0-1"]
[WhiteElo "2342"]
[BlackElo "2409"]
[Annotator "ChessBase"]
[PlyCount "76"]
[EventDate "2019.01.16"]
[EventType "swiss"]
[EventCountry "AZE"]
[SourceTitle "playchess.com"]
[Source "ChessBase"]
[SourceQuality "1"]
[TimeControl "40/5400+30:1800+30"]

1. d4 e6 {[%emt 0:02:53]} 2. c4 {[%emt 0:00:08]} b6 {[%emt 0:00:10]} 3. a3 {[%emt 0:02:14]} Bb7 {[%emt 0:00:33]} 4. Nc3 {[%emt 0:00:10]} Nf6 {[%emt 0:00:29]} 5. Nf3 {[%emt 0:00:42]} d5 {[%emt 0:00:16]} 6. cxd5 {[%emt 0:00:23]} Nxd5 {[%emt 0:00:27]} 7. e3 {[%emt 0:00:24]} Nxc3 {[%emt 0:06:39]} 8. bxc3 {[%emt 0:02:00]} Be7 {[%emt 0:00:16]} 9. Bb5+ {[%emt 0:00:23]} c6 {[%emt 0:00:55]} 10. Bd3 {[%emt 0:00:07]} O-O {[%emt 0:03:57]} 11. O-O {[%emt 0:00:38]} c5 {[%emt 0:01:36]} 12. Qe2 {[%emt 0:08:33]} Nc6 {[%emt 0:09:25]} 13. Bb2 {[%emt 0:02:08]} Na5 {[%emt 0:04:04]} 14. Rad1 {[%emt 0:05:34]} c4 {[%emt 0:15:39]} 15. Bb1 {[%emt 0:13:10]} b5 {[%emt 0:08:22]} 16. Ne5 {[%emt 0:02:19]} Bd6 {[%emt 0:04:14]} 17. f4 {[%emt 0:00:56]} Qe7 {[%emt 0:03:47]} 18. e4 {[%emt 0:01:35]} Rad8 {[%emt 0:05:23]} 19. Rf3 {[%emt 0:03:03]} f6 {[%emt 0:04:50]} 20. Ng4 {[%emt 0:04:20]} f5 {[%emt 0:03:08]} 21. Ne5 {[%emt 0:00:30]} Bxe5 {[%emt 0:01:13]} 22. fxe5 {[%emt 0:00:14]} fxe4 {[%emt 0:02:43]} 23. Bxe4 {[%emt 0:00:07]} Bxe4 {[%emt 0:01:15]} 24. Qxe4 {[%emt 0:00:02]} Rxf3 {[%emt 0:01:29]} 25. gxf3 {[%emt 0:05:33]} Nb3 {[%emt 0:03:58]} 26. Kh1 {[%emt 0:02:15]} Nc5 {[%emt 0:03:16]} 27. Qc6 {[%emt 0:13:45]} Nd3 {[%emt 0:01:48]} 28. Rd2 {[%emt 0:00:17]} Qf7 {[%emt 0:05:42]} 29. a4 {[%emt 0:00:59]} Nxe5 {[%emt 0:00:41]} 30. Qe4 {[%emt 0:09:09]} Qxf3+ {[%emt 0:00:20]} 31. Qxf3 {[%emt 0:00:02]} Nxf3 {[%emt 0:00:05]} 32. Rf2 {[%emt 0:00:09]} Ne1 {[%emt 0:00:51]} 33. Ba3 {[%emt 0:01:39]} Nd3 {[%emt 0:00:16]} 34. Re2 {[%emt 0:00:05]} Nf4 {[%emt 0:03:44]} 35. Re4 {[%emt 0:01:53]} Nd5 {[%emt 0:00:19]} 36. Rxe6 {[%emt 0:02:14]} Nxc3 {[%emt 0:00:49]} 37. a5 {[%emt 0:00:05]} Nd5 {[%emt 0:00:48]} 38. Bc5 {[%emt 0:00:52]} Rd7 {[%emt 0:01:03]} 0-1

[Event "AZE-ch Men 2019"]
[Site "Baku"]
[Date "2019.01.21"]
[Round "6"]
[White "Guliev, Logman"]
[Black "Asadli, Vugar"]
[Result "1-0"]
[WhiteElo "2322"]
[BlackElo "2471"]
[Annotator "TA"]
[PlyCount "55"]
[EventDate "2019.01.16"]
[EventType "swiss"]
[EventCountry "AZE"]
[SourceTitle "playchess.com"]
[Source "ChessBase"]
[SourceQuality "1"]

{[%evp 10,55,52,47,48,16,29,25,28,-22,0,-16,-8,-8,-8,-42,2,-15,-9,-35,0,-10,-12,-19,-9,-2,29,23,33,19,31,17,76,66,87,94,94,81,331,339,331,337,309,314,424,420,466,445]} 1. d4 $146 (1. e4 g6 {½-½ (24) Dastan,B (2480)-Sanal,V (2478) Izmir 2016}) ({Predecessor:} 1. e4 g6 {1-0 (21) Mevel,A (2249)-Bergez,L (2351) Val d'Isere 2002}) 1... g6 2. e4 Bg7 3. Nc3 d6 4. f4 a6 ({Predecessor:} 4... Nd7 5. Nf3 {1-0 (21) Mevel,A (2249)-Bergez,L (2351) Val d'Isere 2002}) 5. Nf3 Nd7 6. a4 ({Predecessor:} 6. Bc4 e6 {1-0 (21) Mevel,A (2249)-Bergez,L (2351) Val d'Isere 2002}) 6... e6 {B06: Modern Defence} 7. Bc4 (7. a5 Ne7 8. Be2 O-O 9. O-O b5 10. axb6 cxb6 11. Bd3 Bb7 12. Ne2 e5 13. c3 d5 14. Nxe5 dxe4 {½-½ (24) Dastan,B (2480)-Sanal,V (2478) Izmir 2016}) 7... Ne7 8. O-O O-O {White has an edge.} 9. Kh1 d5 10. Bd3 dxe4 11. Nxe4 b6 12. c3 Bb7 13. Qe2 ({Predecessor:} 13. Qe1 Nd5 {1-0 (21) Mevel,A (2249)-Bergez,L (2351) Val d'Isere 2002}) 13... a5 14. Bd2 Rc8 15. Ne5 Nf5 16. Ng5 Nf6 17. Rae1 Nd6 18. c4 c5 19. dxc5 bxc5 20. Bc3 Re8 (20... Qc7 $11) 21. Rd1 $16 {[%cal Be1d1,Bd1d6,Bd6b6][%mdl 32]} Qe7 22. Bc2 ({Reject} 22. Bxa5 Nh5 $11) 22... Rf8 23. Bxa5 Nh5 $2 {[#]} (23... Nf5 $16) 24. Rxd6 $1 $18 {[%mdl 512]} Nxf4 (24... Qxd6 25. Qxh5) 25. Rxf4 Qxg5 26. Nd3 Qe7 27. Rb6 e5 28. Rf1 {Accuracy: White = 56%, Black = 39%.} 1-0